Ends in "-age" - Statistics

General Stats
  • This quiz has been taken 39 times
  • The average score is 22 of 36
Answer Stats
Hint Answer % Correct
What you earn for an hour's work Wage
97%
"How old are you now...?" Age
90%
The art of blending in with the scenery. Very useful in combat. Camouflage
90%
A photo or icon. Some are "graven" Image
83%
Really strong anger or hate Rage
83%
A popular cooking herb, or a very wise person Sage
83%
Main ingredient for cole slaw and sauerkraut Cabbage
79%
Tweety Bird's house Cage
79%
Led Zeppelin's legendary lead guitarist (also part of a book...) Jimmy Page
79%
Chorizo, andouille, frankfurters or bangers Sausage
79%
Another name for spying Espionage
76%
A four-wheel buggy or cart. Henry Ford's were horseless. Carriage
72%
What the Cowardly Lion found in Oz Courage
72%
What you lug your clothes around in when traveling Luggage
72%
Shakespeare claimed that "All the world's" one Stage
72%
A group of people who accompany royalty or celebrities to events Entourage
69%
A premature loss of a pregnancy Miscarriage
69%
The right to vote Suffrage
69%
Larger than a hamlet, but smaller than a town Village
69%
To get hitched, tie the knot, plight one's troth Marriage
66%
How far your car will go on a gallon of fuel Mileage
66%
What Vikings, Huns or Visigoths like to do when they capture a hamlet or town Pillage
66%
A folk saying or proverb Adage
62%
To anger or annoy someone to the max (Think: Incredible Hulk!) Enrage
59%
Harm caused to your car's fender in a fender-bender, perhaps Damage
52%
French term for sorting a group of injured people by who needs the most immediate medical attention Triage
52%
To offer moral support or hope Encourage
45%
A little of this in your diet will make you a "regular" person Roughage
41%
When agents secretly destroy the property or reputation of an enemy to weaken his position Sabotage
41%
A place to keep your stuff Storage
41%
To ease someone's pain or guilt Assuage
34%
French term for fancy horse footwork, often in a military review Dressage
31%
The measure of a cargo ship's carrying capacity Tonnage
24%
Art form achieved by gluing colored paper over an object. Was very popular in the 1970s Decoupage
21%
To carry a boat or canoe around an obstacle or to another body of water Portage
17%
What you have when things don't quite add up Shortage
7%
No matching quizzes found
Score Distribution
Percent of People with Each Score
Percentile by Number Answered
Your Score History
You have not taken this quiz